LEADER 04128oam 2200613 c 450 001 9910309747003321 005 20260302090207.0 010 $a9783863882853 010 $a3863882857 024 3 $a9783863882853 035 $a(CKB)4100000007596416 035 $a(WaSeSS)Ind00047838 035 $a(Budrich UniPress)9783863882853 035 $a(oapen)https://directory.doabooks.org/handle/20.500.12854/29486 035 $a(MiAaPQ)EBC30196507 035 $a(Au-PeEL)EBL30196507 035 $a(ScCtBLL)8caa96ff-57b8-485b-bae5-a3342bdc9324 035 $a(OCoLC)1163855610 035 $a(Perlego)2662808 035 $a(oapen)doab29486 035 $a(OCoLC)1100539758 035 $a(EXLCZ)994100000007596416 100 $a20260302d2008 uy 0 101 0 $ager 135 $aur||||||||||| 181 $ctxt$2rdacontent 182 $cc$2rdamedia 183 $acr$2rdacarrier 200 00$aFindigkeit in unsicheren Zeiten /$fHeike Solga, Denis Huschka, Gert G. Wagner, Patricia Eilsberger 205 $a1st ed. 210 $aLeverkusen$cBudrich UniPress$d2008 215 $a1 online resource (206 p.) 225 0 $aErgebnisse des Expertisenwettbewerbs ?Arts and Figures ? GeisteswissenschaftlerInnen im Beruf? 311 08$a9783940755124 311 08$a3940755125 327 $aCover -- Findigkeit in unsicheren Zeiten -- Inhalt -- Grußwort -- Findigkeit in unsicheren Zeiten: Einleitung und Anliegen des Buches (Heike Solga, Denis Huschka, Patricia Eilsberger, Gert G. Wagner) -- I. Die berufliche Situation von GeisteswissenschaftlerInnen -- Zurück in die Zukunft: Berufliche Chancen und Alternativen für GeisteswissenschaftlerInnen (Maria Kräuter, Willi Oberlander, Frank Wießner) -- Erwerbschancen im Wandel der Zeit - Eine empirische Analyse der Entwicklung des Erfolgs von GeisteswissenschaftlerInnen in Deutschland von 1985-2004 (Manuel Schandock, Nancy Scharpff) -- II. Vom Allgemeinen zum Besonderen: Berufsspezialisierung und besondere Berufsgruppen -- Berufliche Spezialisierung und Weiterbildung - Determinanten des Arbeitsmarkterfolgs von GeisteswissenschaftlerInnen (Kathrin Leuze, Susanne Strauß) -- ?Freie ForscherInnen statt Low Budget Academics" - Entwicklung eines (Berufs-)bildes ?Freie ForscherIn" an der Schnittstelle zwischen Universität und Wissensgesellschaft (Gabriele Gramelsberger, Kristina Vaillant) -- Bononia docet. Hochschule und wissenschaftliches Volontariat am Museum im Wandel der Europäischen Hochschulreform (Jens A. Forkel) -- III.Deutsche GeisteswissenschaftlerInnen im internationalen Vergleich -- Soziale Ungleichheit von Geisteswissenschaftlern im Beruf (Michael Gebel, Johannes Gernandt) -- Geisteswissenschaftler in den USA - Promotion und Karrierewege im Spiegel der Bildungsforschung (Eva Bosbach) -- Verzeichnis der AutorInnen. 330 $aDas Buch behandelt die Situation von Geisteswissenschaftler/innen auf dem Arbeitsmarkt. Ausgangspunkt der sieben empirischen Beiträge sind Benachteiligungen von Geisteswissenschaftler/innen im Vergleich zu anderen Hochschulabsolvent/innen. Diese äußert sich in einer überdurchschnittlich hohen Arbeitslosenquote, einer signifikant höheren Verbreitung prekarisierter Arbeitsverhältnisse sowie häufig einem vergleichsweise niedrigem Einkommen. Anliegen des Buches ist es auf der Basis einer breiten empirischen Bestandsaufnahme der Geisteswissenschaften, aktuelle Möglichkeiten und zukünftige Chancen dieser Berufsgruppe zu eruieren. 410 0$aErgebnisse des Expertisenwettbewerbs ,,Arts and Figures - GeisteswissenschaftlerInnen Im Beruf Series 606 $aGeisteswissenschaften im Beruf 606 $aArbeitsmarkt 606 $aKarriere 615 4$aGeisteswissenschaften im Beruf 615 4$aArbeitsmarkt 615 4$aKarriere 702 $aSolga$b Heike$cProf. Dr.$4edt 702 $aHuschka$b Denis$4edt 702 $aWagner$b Gert G$4edt 702 $aEilsberger$b Patricia$4edt 801 0$bWaSeSS 801 1$bWaSeSS 906 $aBOOK 912 $a9910309747003321 996 $aFindigkeit in unsicheren Zeiten$94415590 997 $aUNINA